000 00461nam a2200133Ia 4500
008 170516s9999 xx 000 0 und d
245 _aProtection against Lethal Enterovirus 71 Challenge in Mice by a Recombinant Vaccine Candidate Containing a Broadly Cross-Neutralizing Epitope within the VP2 EF Loop
260 _bTheranostics
260 _c2014
300 _a4:5
650 _xMedical Technology
650 _xMedtech
856 _uhttp://www.thno.org/v4i5
999 _c330674
_d330674